Giáo trình Foxpro 2.6 for Windows Lý thuyết, bài tập, lời giải

Wedi'i Gadw mewn:
Manylion Llyfryddiaeth
Prif Awdur: Bùi Thế Tâm
Fformat: Llyfr
Iaith:Undetermined
Cyhoeddwyd: Hà Nội Giao Thông Vận Tải 1998
Pynciau:
Tagiau: Ychwanegu Tag
Dim Tagiau, Byddwch y cyntaf i dagio'r cofnod hwn!
Thư viện lưu trữ: Trung tâm Học liệu Trường Đại học Cần Thơ
LEADER 00594nam a2200181Ia 4500
001 CTU_27013
008 210402s9999 xx 000 0 und d
082 |a 005.133 
082 |b T120 
100 |a Bùi Thế Tâm 
245 0 |a Giáo trình Foxpro 2.6 for Windows 
245 0 |b Lý thuyết, bài tập, lời giải 
245 0 |c Bùi Thế Tâm 
260 |a Hà Nội 
260 |b Giao Thông Vận Tải 
260 |c 1998 
650 |a foxpro( computer program language ),management - computer programs 
980 |a Trung tâm Học liệu Trường Đại học Cần Thơ